| 000 | 00387nam a2200157Ia 4500 | ||
|---|---|---|---|
| 008 | 210716s1994 xx 000 0 und d | ||
| 020 | _a8170292549 | ||
| 041 | _aeng | ||
| 082 | _a620.00420285 OMUG | ||
| 100 | _aOmura, George | ||
| 245 | _aMastering autocad release 12. | ||
| 250 | _a1 | ||
| 260 |
_aNew Delhi _bBPB Publications _c1994 |
||
| 300 | _axxxvii,1142 | ||
| 650 | _aAutocad | ||
| 999 |
_c182883 _d182883 |
||